České a slovenské banky z mezinárodního pohledu
Pohľad zahraničných expertov na české banky. Oddaľovanie privatizácie českých bánk. Rebríček najúspešnejších českých a slovenských bánk v rokoch 1995 a 1996.
Salvato in:
| Natura: | Libro |
|---|---|
| Lingua: | ceco |
| Soggetti: | |
| Tags: |
Nessun Tag, puoi essere il primo ad aggiungerne!!
|
MARC
| LEADER | 00000nam a2200000 4500 | ||
|---|---|---|---|
| 001 | r030695 | ||
| 005 | 20230727090940.4 | ||
| 041 | 0 | |a cze | |
| 044 | |a CZ | ||
| 245 | 1 | 0 | |a České a slovenské banky z mezinárodního pohledu |
| 520 | |a Pohľad zahraničných expertov na české banky. Oddaľovanie privatizácie českých bánk. Rebríček najúspešnejších českých a slovenských bánk v rokoch 1995 a 1996. | ||
| 610 | 2 | 0 | |a banky |
| 610 | 2 | 0 | |a banky zahraničné |
| 610 | 2 | 0 | |a sporiteľne stavebné |
| 610 | 2 | 0 | |a privatizácia |
| 610 | 2 | 0 | |a porovnanie medzinárodné |
| 610 | 2 | 0 | |a Česko |
| 610 | 2 | 0 | |a Slovensko |
| 610 | 2 | 0 | |a 1995-1996 |